रामायण के अमर पात्र / (Record no. 62940)

MARC details
000 -LEADER
fixed length control field 01853nam a22002777a 4500
005 - DATE AND TIME OF LATEST TRANSACTION
control field 20120216105739.0
020 ## - INTERNATIONAL STANDARD BOOK NUMBER
International Standard Book Number 9788124307953 (भाग-1)
Terms of availability 42.00
020 ## - INTERNATIONAL STANDARD BOOK NUMBER
International Standard Book Number 8124307962 (भाग-2)
Terms of availability 42.00
020 ## - INTERNATIONAL STANDARD BOOK NUMBER
International Standard Book Number 8124307970 (भाग-3)
Terms of availability 42.00
020 ## - INTERNATIONAL STANDARD BOOK NUMBER
International Standard Book Number 8124307989 (भाग-4)
Terms of availability 42.00
082 ## - DEWEY DECIMAL CLASSIFICATION NUMBER
Classification number
100 ## - MAIN ENTRY--PERSONAL NAME
Personal name जोशी, योगेश
245 ## - TITLE STATEMENT
Title रामायण के अमर पात्र /
Statement of responsibility, etc योगेश जोशी;मंगरूराम मिश्र द्वारा रूपांतरित;सतपालसिंह छाबड़ा द्वारा चित्रांकित
260 ## - PUBLICATION, DISTRIBUTION, ETC. (IMPRINT)
Place of publication, distribution, etc मुंबई
Name of publisher, distributor, etc नवनीत पब्लिकेशन्स
Date of publication, distribution, etc व.अ.
270 ## - ADDRESS
Address भवानीशंकर रोड, दादर
City मुंबई
Postal code 400028
300 ## - PHYSICAL DESCRIPTION
Extent 4 भाग(40पृ;39पृ;39पृ;40पृ.)
Other physical details सचित्र
Dimensions 18सेमी (सजिल्द)
500 ## - GENERAL NOTE
General note 4 भागों में प्रकाशित
500 ## - GENERAL NOTE
General note भाग 1 से 4 का सेट
700 ## - ADDED ENTRY--PERSONAL NAME
Personal name मिश्र, मंगरूराम
9 (RLIN) 39428
700 ## - ADDED ENTRY--PERSONAL NAME
Personal name छाबड़ा, सतपालसिंह
9 (RLIN) 42223
942 ## - ADDED ENTRY ELEMENTS (KOHA)
Source of classification or shelving scheme Dewey Decimal Classification
Item type Children Books
Call number suffix जोशीयो
Classification part
Holdings
Withdrawn status Lost status Not for loan Home library Current library Date acquired Cost, normal purchase price Full call number Cost, replacement price Koha item type
    Ordered Andrews Gunj Andrews Gunj 16/02/2012 42.00 जोशीयो 42.00 Children Books
    Ordered Andrews Gunj Andrews Gunj 16/02/2012 42.00 जोशीयो 42.00 Children Books
    Ordered Andrews Gunj Andrews Gunj 16/02/2012 42.00 जोशीयो 42.00 Children Books
    Ordered Andrews Gunj Andrews Gunj 16/02/2012 42.00 जोशीयो 42.00 Children Books

© Delhi Public Library
Hit Counter
free hit counter